El lenguaje silencioso

Guardat en:
Dades bibliogràfiques
Autor principal: Hall, Edward T (Autor)
Format: Llibre
Idioma:espanyol
Publicat: Madrid Alianza 1989
Col·lecció:El Libro de Bolsillo Alianza. Sección Humanidades, 1411
Matèries:
Etiquetes: Afegir etiqueta
Sense etiquetes, Sigues el primer a etiquetar aquest registre!

MARC

LEADER 00000nam a2200000 a 4500
001 UCW4973
003 CL-VaPUC
008 901024e19890000SP |||||||||||||||||spa|d
082 0 4 |a 302.22  |b HAL  |2 21 
100 |a Hall, Edward T  |e author  |9 579668 
245 1 3 |a El lenguaje silencioso 
300 |a 231 p 
942 |c BK 
945 |d 19901024 00:00:00 
260 |a Madrid  |b Alianza  |c 1989 
650 0 |a Lenguaje por señas   |9 309075 
650 0 |a Comunicación intercultural  |9 269907 
650 7 |a EDUCACION NO FORMAL  |2 CL-VaPUC  |9 308640 
650 0 |a Comunicación no verbal  |9 270761 
583 |a last modification  |c 20180502 11:03:46  |k Rodrigo Vera 
490 0 |a El Libro de Bolsillo Alianza. Sección Humanidades, 1411 
999 |c 218512  |d 218510 
952 |0 0  |1 0  |4 0  |6 302_220000000000000_HAL_1989  |7 0  |8 A  |9 208191  |a BIBEDU  |b BIBEDU  |d 2019-11-15  |i 2761181  |o 302.22 HAL 1989  |p 2761181  |r 2019-11-15  |w 2019-11-15  |y BK  |k EDU 
952 |0 0  |1 0  |4 0  |6 302_220000000000000_HAL_1989  |7 0  |8 A  |9 208192  |a BIBEDU  |b BIBEDU  |d 2019-11-15  |i 276119K  |o 302.22 HAL 1989  |p 276119K  |r 2019-11-15  |w 2019-11-15  |y BK  |k EDU